Imperial conversations : (Record no. 38453)

MARC details
000 -LEADER
fixed length control field 00834nam a22002177a 4500
005 - DATE AND TIME OF LATEST TRANSACTION
control field 20100731150457.0
010 ## - LCCN (DPL NO)
LC control number ENG-97495
020 ## - INTERNATIONAL STANDARD BOOK NUMBER
International Standard Book Number 8190363425
Terms of availability 895.00
020 ## - INTERNATIONAL STANDARD BOOK NUMBER
International Standard Book Number 9788190363426
Terms of availability 895.00
035 ## - SYSTEM CONTROL NUMBER
System control number EN-81028
037 ## - SOURCE OF ACQUISITION
Source of stock number/acquisition DBAD/PUB
082 ## - DEWEY DECIMAL CLASSIFICATION NUMBER
Classification number 720.954
100 ## - MAIN ENTRY--PERSONAL NAME
Personal name Pillai, Shanti Jayewardene
245 ## - TITLE STATEMENT
Title Imperial conversations :
Remainder of title Indo-Britons and the architecture of South India /
Statement of responsibility, etc by Shanti Jayewardene-Pillai
260 ## - PUBLICATION, DISTRIBUTION, ETC. (IMPRINT)
Place of publication, distribution, etc New Delhi
Name of publisher, distributor, etc Yoda Press
Date of publication, distribution, etc 2007
270 ## - ADDRESS
Address G-93, Connaught Circus
City New Delhi
Postal code 110001
300 ## - PHYSICAL DESCRIPTION
Extent xxi, 326p. :
Other physical details ill
Dimensions 24cm (Hb)
500 ## - GENERAL NOTE
General note Includes bibliographical references
942 ## - ADDED ENTRY ELEMENTS (KOHA)
Source of classification or shelving scheme Dewey Decimal Classification
Item type English Books
Classification part 720.954
Call number suffix PIL
Holdings
Withdrawn status Lost status Not for loan Collection code Home library Current library Date acquired Source of acquisition Cost, normal purchase price Full call number Barcode Copy number Cost, replacement price Koha item type
    Not For Loan Non-fiction D.B.Act.Division D.B.Act.Division 31/07/2010 DBAD/PUB 895.00 720.954 PIL EN-81028 1 895.00 English Books

© Delhi Public Library
Hit Counter
free hit counter